[Event "WJCC U20 Open 2019"]
[Site "New Delhi"]
[Date "2019.10.17"]
[Round "3.22"]
[White "Miciano, John Marvin"]
[Black "Muradli, Mahammad"]
[Result "1-0"]
[WhiteElo "2345"]
[BlackElo "2459"]
[Annotator "ChessBase"]
[PlyCount "59"]
[EventDate "2019.10.15"]
[EventType "swiss"]
[EventCountry "IND"]
[SourceTitle "playchess.com"]
[Source "ChessBase"]
[SourceQuality "1"]
[TimeControl "40/5400+30:1800+30"]

1. Nf3 {[%emt 0:00:00]} Nf6 {[%emt 0:07:26]} 2. g3 {[%emt 0:00:23]} g6 {[%emt 0:00:20]} 3. c4 {[%emt 0:00:17]} Bg7 {[%emt 0:00:13]} 4. Bg2 {[%emt 0:00:08]} c6 {[%emt 0:03:12]} 5. O-O {[%emt 0:02:01]} O-O {[%emt 0:00:41]} 6. b3 {[%emt 0:02:07]} c5 {[%emt 0:12:57]} 7. Bb2 {[%emt 0:00:46]} Nc6 {[%emt 0:05:17]} 8. d4 {[%emt 0:06:40]} d5 {[%emt 0:04:09]} 9. Nbd2 {[%emt 0:07:09]} dxc4 {[%emt 0:15:08]} 10. Nxc4 {[%emt 0:00:21]} Be6 {[%emt 0:01:35]} 11. Rc1 {[%emt 0:07:29]} Bxc4 {[%emt 0:17:21]} 12. Rxc4 {[%emt 0:00:10]} Nd7 {[%emt 0:00:07]} 13. Qa1 {[%emt 0:03:29]} Qb6 {[%emt 0:08:17]} 14. dxc5 {[%emt 0:03:15]} Bxb2 {[%emt 0:00:05]} 15. Qxb2 {[%emt 0:00:11]} Nxc5 {[%emt 0:00:02]} 16. Ng5 {[%emt 0:19:09]} h6 {[%emt 0:10:06]} 17. Rh4 {[%emt 0:05:14]} Rfd8 {[%emt 0:00:15]} 18. Nf3 {[%emt 0:14:17]} h5 {[%emt 0:02:56]} 19. g4 {[%emt 0:02:13]} Rd5 {[%emt 0:03:17]} 20. gxh5 {[%emt 0:01:05]} Rxh5 {[%emt 0:00:19]} 21. Rxh5 {[%emt 0:00:11]} gxh5 {[%emt 0:00:01]} 22. Qc1 {[%emt 0:01:39]} Ne4 {[%emt 0:03:09]} 23. Qf4 {[%emt 0:06:40]} Nf6 {[%emt 0:02:16]} 24. Kh1 {[%emt 0:01:52]} Qb4 {[%emt 0:01:11]} 25. Qg5+ {[%emt 0:00:40]} Kh7 {[%emt 0:01:39]} 26. Bh3 {[%emt 0:00:39]} Rg8 {[%emt 0:00:29]} 27. Bf5+ {[%emt 0:00:13]} Rg6 {[%emt 0:00:00]} 28. Rg1 {[%emt 0:01:03]} Ng4 {[%emt 0:01:01]} 29. Qxh5+ {[%emt 0:00:09]} Kg7 {[%emt 0:00:05]} 30. Rxg4 {[%emt 0:00:08]} 1-0

[Event "WJCC U20 Open 2019"]
[Site "New Delhi"]
[Date "2019.10.17"]
[Round "3.23"]
[White "Raja Harshit"]
[Black "Jablonicky, Martin"]
[Result "1-0"]
[WhiteElo "2440"]
[BlackElo "2333"]
[Annotator "TA"]
[PlyCount "39"]
[EventDate "2019.10.15"]
[EventType "swiss"]
[EventCountry "IND"]
[SourceTitle "playchess.com"]
[Source "ChessBase"]
[SourceQuality "1"]

{[%evp 16,103,95,73,83,91,109,0,0,0,101,90,73,60,84,73,131,125,83,101,166,174,168,167,192,190,181,181,173,184,180,182,203,198,221,188,263,269,278,227,255,236,273,208,241,237,245,0,238,0,238,217,287,204,224,222,215,187,187,179,194,200,199,198,189,0,193,191,251,257,235,240,278,276,307,301,329,328,324,319,323,317,370,369,394,339,350,366,394,358]} 1. e4 g6 2. d4 Bg7 3. Nc3 d6 4. Nf3 Nf6 5. Bg5 c6 6. Qd2 Nbd7 7. Bh6 Bxh6 8. Qxh6 Qa5 9. O-O-O b5 {[#] B07: Pirc Defence: Miscellaneous Systems} 10. e5 $1 {[%cal Re5f6]} b4 11. Nb1 ({White has to play} 11. exf6 $16 bxc3 12. Qg7) 11... dxe5 $11 {The position is equal.} 12. Bc4 $146 ({Predecessor:} 12. dxe5 Nxe5 13. Qg5 Bf5 14. Nxe5 Qxe5 15. Bd3 h6 16. Qh4 Bg4 17. f3 {0-1 (32) Roberson,P (2412)-Andriasian,Z (2585) chess.com INT 2018}) 12... e4 (12... Ba6 $1 $11 {remains equal.} 13. Bxa6 Qxa6) 13. Ng5 $16 {[%mdl 1024] White has strong compensation.} (13. Qg7 Rf8 $17) 13... Rf8 14. Rhe1 (14. Nxh7 Nxh7 15. Qxh7 Qg5+ 16. Nd2 Nf6 $15) 14... Nb6 15. Bb3 Qf5 (15... Bg4 $142) 16. Nd2 {[%cal Rd2e4]} Ng4 {[%mdl 64] Double Attack} 17. Qh4 Qxf2 (17... e3 $16 {was called for.}) 18. Qxh7 $18 Qf4 19. Ngxe4 {And now h3 would win.} Qxh2 {[#]} 20. Qxh2 {Played: Bb3xf7} 1-0

[Event "WJCC U20 Open 2019"]
[Site "New Delhi"]
[Date "2019.10.17"]
[Round "3.24"]
[White "Aditya Mittal"]
[Black "Sterck, Arno"]
[Result "1-0"]
[WhiteElo "2430"]
[BlackElo "2331"]
[Annotator "TA"]
[PlyCount "47"]
[EventDate "2019.10.15"]
[EventType "swiss"]
[EventCountry "IND"]
[SourceTitle "playchess.com"]
[Source "ChessBase"]
[SourceQuality "1"]

{[%evp 35,47,55,31,0,29983,29984,29971,29970,29987,29988,29996,29997,29997,29998]} 1. d4 d5 2. c4 c6 3. Nf3 Nf6 4. Nc3 e6 5. Bg5 dxc4 6. e4 b5 7. e5 h6 8. Bh4 g5 9. Nxg5 hxg5 10. Bxg5 Nbd7 11. g3 Bb7 12. Bg2 Qb6 13. exf6 O-O-O 14. O-O c5 15. d5 b4 16. Rb1 Qa6 17. dxe6 Bxg2 18. e7 Bxf1 19. Qd5 {aiming for Bf4. D44: Semi-Slav: Botvinnik System} (19. Kxf1 $5 {[%cal Rc3e4]} Qc6 20. exd8=N (20. exd8=Q+ Kxd8 21. Nd5 Rxh2 $16) 20... Kxd8 21. Nd5 $14) (19. Qxf1 bxc3 20. bxc3 Bh6 21. Bxh6 Rxh6 22. Qg2 Rdh8 23. Qa8+ Kc7 24. e8=Q Rxe8 25. Qxe8 Rxf6 26. Qe4 Qc6 {0-1 (34) Lenic,L (2662)-Andreikin,D (2712) chess.com INT 2018}) 19... Bd3 $2 {[%mdl 8192]} (19... Re8 $11 20. Ne4 Bh6 21. Bxh6 Rxh6 22. Qxf7 Rhh8 23. Rxf1 Qc6 24. Qxc4 Nxf6 25. Nxf6 Qxf6 {[%mdl 64] Double Attack} 26. Qxc5+ {[%mdl 64] Double Attack} Kb8 27. Qxb4+ Qb6 28. Qf4+ Qc7 29. Qb4+ Qb7 30. Qd6+ Qc7 31. Qb4+ Qb7 32. Qd6+ Qc7 33. Qb4+) 20. Qa8+ {White mates.} Nb8 {[#]} 21. Bf4 $1 ({Inferior is} 21. Qxb8+ Kxb8 22. exd8=Q+ Qc8 $14) 21... Qb6 22. Nd5 {[%mdl 64] Overworked Piece} Rxd5 $146 ({Predecessor:} 22... Qb5 23. Qxa7 {1-0 (23) Vogelbacher,G (2119)-Nekrasov,M (2372) Germany 2009}) 23. e8=Q+ {[%mdl 64] Double Attack} Rd8 24. Qxb8+ $1 {[%mdl 64] Remove Defender} 1-0

[Event "WJCC U20 Open 2019"]
[Site "New Delhi"]
[Date "2019.10.17"]
[Round "3.25"]
[White "Tica, Sven"]
[Black "Garidmagnai, Byambasuren"]
[Result "0-1"]
[WhiteElo "2418"]
[BlackElo "2327"]
[Annotator "TA"]
[PlyCount "94"]
[EventDate "2019.10.15"]
[EventType "swiss"]
[EventCountry "IND"]
[SourceTitle "playchess.com"]
[Source "ChessBase"]
[SourceQuality "1"]

{[%evp 9,98,0,0,0,0,-17,8,0,3,-6,0,0,0,-25,-29,-25,0,0,0,-18,-9,-6,-17,-9,0,-15,-15,-26,-25,-29,-28,-30,-23,-29,-16,-59,-49,-54,-36,-68,-56,-53,-50,-45,-66,-66,-42,-43,-3,-3,-22,-62,-62,-55,-59,-75,-9,-50,-20,-42,45,52,127,135,141,0,0,0,0,0,0,0,0,-15,0,-122,-158,-561,-519,-29984,-29985,-29985,-29986,-29986,-29987,-29987,-29988,-29988,-29989,-29989,-29990]} 1. d4 Nf6 2. Nf3 g6 3. Nc3 d5 4. Bf4 Bg7 5. Nb5 Na6 6. e3 {D00: 1 d4 d5: Unusual lines} O-O (6... c6 7. Nc3 Nb8 8. h3 O-O 9. Be2 Nbd7 10. O-O Re8 11. Bh2 a5 12. Ne5 Nxe5 13. Bxe5 Ne4 14. Nxe4 Bxe5 15. dxe5 dxe4 16. Qd4 Qxd4 17. exd4 Rd8 18. Rad1 {0-1 (50) Melkumyan,H (2670)-Amin,B (2710) St Petersburg 2018}) 7. h3 c6 8. Nc3 {The position is equal.} Nc7 9. Be2 Nce8 10. O-O Nd6 11. Ne5 Nd7 12. Nd3 $146 ({Predecessor:} 12. Bh2 f6 13. Nxd7 Qxd7 {1-0 (41) Meskovs,N (2536)-Assaubayeva,B (2369) Batumi 2018}) 12... f6 13. Bxd6 exd6 14. Bf3 f5 15. g3 Nf6 16. h4 Ne4 17. Ne2 Be6 18. Nef4 Bf7 19. Kg2 a5 20. a4 h6 21. Rh1 c5 22. c3 c4 23. Nc1 {[#]} b5 $1 {[%mdl 512]} 24. Nce2 (24. axb5 Qd7) 24... Qd7 25. axb5 Rfb8 26. Ra2 Rxb5 27. Qc2 Qb7 28. g4 fxg4 29. Bxg4 Rb8 {[%cal Rb5b2]} 30. Rb1 Qe7 31. Rh1 h5 32. Bf3 Bf6 (32... Bh6 $17) 33. Ng3 $1 $11 {[%cal Rg3e4]} Re8 34. Qa4 $1 {[%cal Ra4b5]} Rbb8 ({Better is} 34... Qb7 $15) 35. Qxa5 $14 Bxh4 (35... Qb7 $1 $14 36. Qa7 Qc8) 36. Nxd5 $16 Qg5 {[#]} 37. Rxh4 ({But not} 37. Bxe4 $6 Bxg3 38. Bf3 h4 $11) (37. Nc7 $1 $16 d5 38. Rxh4 (38. Nxe8 Nxg3 39. Nf6+ {[%mdl 64] Double Attack} Kg7 $17) 38... Qxh4 39. Nxe8 Rxe8 40. Nxe4 dxe4 41. Be2) 37... Qxh4 $11 38. Nxe4 Rxe4 {[#]} 39. Nf6+ $1 {[%mdl 512]} Qxf6 40. Bxe4 d5 41. Bf3 Qg5+ 42. Kf1 (42. Kh2 $1 $11 {was the only way to keep the balance.}) 42... Qf5 $36 {[%mdl 3072] Black has strong compensation. Black is in control.} 43. Kg2 $2 (43. Be2 $17 {is tougher.}) 43... Be6 44. Be2 (44. Bd1 $19 Qg5+ 45. Kh1 Qh4+ 46. Kg1) 44... Rf8 {Black mates.} 45. f3 Qh3+ 46. Kf2 Qh4+ 47. Kg2 Bh3+ 0-1

[Event "WJCC U20 Open 2019"]
[Site "New Delhi"]
[Date "2019.10.17"]
[Round "3.26"]
[White "Saurabh Anand"]
[Black "Bharath Subramaniyam H"]
[Result "1/2-1/2"]
[WhiteElo "2236"]
[BlackElo "2417"]
[Annotator "ChessBase"]
[PlyCount "89"]
[EventDate "2019.10.15"]
[EventType "swiss"]
[EventCountry "IND"]
[SourceTitle "playchess.com"]
[Source "ChessBase"]
[SourceQuality "1"]
[TimeControl "40/5400+30:1800+30"]

1. e4 c5 2. Nf3 Nc6 3. Nc3 d6 4. d4 cxd4 5. Nxd4 e5 6. Nf3 Nf6 7. Bg5 Be7 8. Bxf6 Bxf6 9. Nd5 O-O 10. Bc4 Be6 11. O-O Rc8 12. Bb3 Bg5 13. Qe2 Bh6 14. Rfd1 Kh8 15. c3 f5 16. exf5 Bxf5 17. Bc2 g6 18. Be4 Qd7 19. Nd2 Ne7 20. Nc4 Nxd5 21. Bxf5 Nf4 22. Bxd7 Nxe2+ 23. Kf1 Rxc4 24. Kxe2 Re4+ 25. Kf1 Ref4 26. f3 e4 27. Rxd6 exf3 28. g3 Re4 29. Re1 Rxe1+ 30. Kxe1 Bc1 31. b3 Ba3 32. Rd5 b6 33. Kf1 a5 34. Rd3 Bc5 35. Bc6 f2 36. Bb5 Rf5 37. a4 Re5 38. Rd1 Re4 39. Rd8+ Kg7 40. Re8 Rg4 41. Re5 Kf6 42. Bd7 Kxe5 43. Bxg4 Ke4 44. b4 Ke5 45. Ke2 1/2-1/2

[Event "WJCC U20 Open 2019"]
[Site "New Delhi"]
[Date "2019.10.17"]
[Round "3.27"]
[White "Bronstein, Or"]
[Black "Zlatin, Alexander"]
[Result "1/2-1/2"]
[WhiteElo "2413"]
[BlackElo "2263"]
[Annotator "ChessBase"]
[PlyCount "79"]
[EventDate "2019.10.15"]
[EventType "swiss"]
[EventCountry "IND"]
[SourceTitle "playchess.com"]
[Source "ChessBase"]
[SourceQuality "1"]
[TimeControl "40/5400+30:1800+30"]

1. d4 {[%emt 0:00:00]} d5 {[%emt 0:00:46]} 2. c4 {[%emt 0:00:28]} c6 {[%emt 0:00:07]} 3. Nf3 {[%emt 0:03:50]} Nf6 {[%emt 0:00:17]} 4. e3 {[%emt 0:00:12]} e6 {[%emt 0:03:15]} 5. b3 {[%emt 0:00:26]} Ne4 {[%emt 0:04:31]} 6. Bd3 {[%emt 0:04:13]} Nd7 {[%emt 0:05:01]} 7. O-O {[%emt 0:03:02]} Bd6 {[%emt 0:03:55]} 8. Ba3 {[%emt 0:07:31]} Bxa3 {[%emt 0:06:44]} 9. Nxa3 {[%emt 0:00:02]} O-O {[%emt 0:02:47]} 10. b4 {[%emt 0:06:35]} Qe7 {[%emt 0:09:32]} 11. Qb3 {[%emt 0:01:59]} dxc4 {[%emt 0:06:37]} 12. Nxc4 {[%emt 0:00:58]} Nd6 {[%emt 0:00:37]} 13. Nxd6 {[%emt 0:08:40]} Qxd6 {[%emt 0:00:02]} 14. Rfd1 {[%emt 0:00:11]} Qe7 {[%emt 0:03:47]} 15. Qc3 {[%emt 0:00:31]} Re8 {[%emt 0:02:20]} 16. Bc2 {[%emt 0:02:48]} Nf6 {[%emt 0:03:30]} 17. a3 {[%emt 0:08:50]} a5 {[%emt 0:03:08]} 18. e4 {[%emt 0:01:44]} Rd8 {[%emt 0:05:33]} 19. h3 {[%emt 0:08:51]} h6 {[%emt 0:07:17]} 20. Ne5 {[%emt 0:06:57]} Qc7 {[%emt 0:06:13]} 21. Nc4 {[%emt 0:08:22]} axb4 {[%emt 0:01:56]} 22. axb4 {[%emt 0:00:01]} Rxa1 {[%emt 0:00:09]} 23. Rxa1 {[%emt 0:00:10]} Nd5 {[%emt 0:02:04]} 24. Qe1 {[%emt 0:13:56]} Nb6 {[%emt 0:03:03]} 25. Qc3 {[%emt 0:00:02]} Nd5 {[%emt 0:00:07]} 26. Qb2 {[%emt 0:00:46]} Nf4 {[%emt 0:01:13]} 27. Re1 {[%emt 0:02:20]} Qe7 {[%emt 0:01:07]} 28. g3 {[%emt 0:07:21]} Nxh3+ {[%emt 0:04:04]} 29. Kg2 {[%emt 0:00:00]} e5 {[%emt 0:00:27]} 30. Nxe5 {[%emt 0:01:35]} Qg5 {[%emt 0:00:46]} 31. Bb3 {[%emt 0:00:35]} Be6 {[%emt 0:01:18]} 32. Bxe6 {[%emt 0:02:15]} Nf4+ {[%emt 0:00:09]} 33. Kg1 {[%emt 0:00:01]} Nxe6 {[%emt 0:00:07]} 34. Rd1 {[%emt 0:00:28]} h5 35. Rd3 {[%emt 0:01:12]} h4 {[%emt 0:03:50]} 36. d5 {[%emt 0:00:01]} cxd5 {[%emt 0:01:07]} 37. exd5 {[%emt 0:00:02]} Nf4 {[%emt 0:00:38]} 38. Qd2 {[%emt 0:01:30]} Qxe5 {[%emt 0:00:16]} 39. Qxf4 {[%emt 0:00:09]} Rxd5 {[%emt 0:01:52]} 40. Rxd5 {[%emt 0:00:18]} 1/2-1/2

[Event "WJCC U20 Open 2019"]
[Site "New Delhi"]
[Date "2019.10.17"]
[Round "3.28"]
[White "Hollan, Martin"]
[Black "Wagh Suyog"]
[Result "1/2-1/2"]
[WhiteElo "2403"]
[BlackElo "2229"]
[Annotator "TA"]
[PlyCount "100"]
[EventDate "2019.10.15"]
[EventType "swiss"]
[EventCountry "IND"]
[SourceTitle "playchess.com"]
[Source "ChessBase"]
[SourceQuality "1"]

{[%evp 27,100,18,32,-22,18,8,22,23,19,31,20,19,22,28,28,6,6,8,19,2,19,0,0,-15,-16,-11,-30,-26,-21,-21,-18,-21,-21,-38,-20,-62,-58,-57,-56,-141,-34,-28,-28,-23,-22,-14,-24,-89,-91,-107,-70,-72,0,-32,0,0,0,0,0,0,0,0,0,0,0,0,0,0,0,0,0,0,0,0,0]} 1. Nf3 Nf6 2. c4 c5 3. Nc3 b6 4. g3 Bb7 5. Bg2 e6 6. O-O Be7 7. d4 cxd4 8. Qxd4 d6 9. b3 O-O 10. Bb2 a6 11. Rfd1 Nbd7 12. Ng5 Bxg2 13. Kxg2 Qc7 14. Nge4 Rfd8 15. Rac1 {A30: Symmetrical English: Double Fianchetto and Hedgehog} (15. f3 $14) (15. f3 Nc5 16. Nxc5 dxc5 17. Qe3 Qc6 18. a4 Rxd1 19. Rxd1 Rd8 20. Rxd8+ Bxd8 21. Nd1 Nd7 22. Nf2 Bf6 23. Bxf6 Nxf6 {½-½ (37) Movsesian,S (2698)-Van Wely,L (2691) Istanbul 2012}) 15... Nc5 16. f3 Qb7 17. Nxf6+ Bxf6 18. Qd2 d5 19. cxd5 exd5 20. Na4 Bxb2 21. Nxc5 $146 ({Predecessor:} 21. Nxb2 Rac8 22. Nd3 Qe7 {½-½ (22) Lobanov,A (2242)-Majer,D (2246) LSS email 2009}) 21... bxc5 22. Qxb2 Rac8 23. Rd2 Re8 24. Rcd1 d4 25. Qc2 Re3 26. Rd3 Re5 27. e4 Rf8 28. Qc4 a5 29. a3 Rb8 30. Rb1 h6 31. Rd2 {[#]} Rxe4 $1 {[%mdl 512]} 32. Qxc5 (32. fxe4 Qxe4+) 32... Re3 33. Qf5 (33. Rf1 $15) 33... Rxb3 ({Black should play} 33... a4 $17 34. Rxd4 g6) 34. Rxb3 $15 Qxb3 35. Qxa5 $17 {[%mdl 4096] Endgame KQR-KQR} Qe3 36. Rf2 d3 37. Qd2 (37. Qc7 $11 {keeps the balance.} Qe8 38. Qc3) 37... Qd4 38. Qc1 Rd8 {...d2 is the strong threat.} 39. Rd2 Re8 ({Black should try} 39... g5 $17) 40. Qd1 Re3 41. a4 {[%cal Ba3a4,Ba4a5,Ba5a6,Ba6a7][%mdl 32] The position is equal.} Qd5 {[#]} 42. a5 $1 {[%mdl 512]} g5 {White must now prevent ...g4.} (42... Qxa5 43. Rxd3) 43. Kf2 $1 {[%cal Rf2e3]} Qd4 {( -> ...Re2+!)} (43... Qc5 $5 44. Kg2 $8 Qd5 $11) 44. Kg2 h5 45. a6 $1 g4 46. fxg4 hxg4 {[#]} 47. a7 $1 {[%cal Ra7a8][%mdl 512]} Qe4+ (47... Qxa7 48. Qxg4+) 48. Kf2 Rf3+ 49. Kg1 Qd4+ 50. Kg2 Qxa7 {Accuracy: White = 53%, Black = 48%.} 1/2-1/2

[Event "WJCC U20 Open 2019"]
[Site "New Delhi"]
[Date "2019.10.17"]
[Round "3.29"]
[White "Milikow, Yoav"]
[Black "Di Benedetto, Edoardo"]
[Result "1/2-1/2"]
[WhiteElo "2199"]
[BlackElo "2401"]
[Annotator "TA"]
[PlyCount "120"]
[EventDate "2019.10.15"]
[EventType "swiss"]
[EventCountry "IND"]
[SourceTitle "playchess.com"]
[Source "ChessBase"]
[SourceQuality "1"]

{[%evp 15,120,9,0,0,0,11,62,0,0,0,-2,-14,0,0,29,0,0,8,33,13,25,18,26,22,28,33,36,24,63,5,21,5,13,13,12,10,12,8,18,8,17,10,10,10,43,27,26,13,59,26,66,8,78,52,44,35,48,36,62,54,56,61,45,22,29,22,22,22,22,22,22,22,22,22,22,22,22,22,22,22,21,22,14,22,22,22,10,6,37,0,0,0,0,0,0,0,0,0,0,0,0,0,0,0,0,0,0]} 1. d4 Nf6 2. c4 e6 3. Nc3 Bb4 4. Qc2 d5 5. a3 Bxc3+ 6. Qxc3 O-O 7. Nf3 dxc4 8. Qxc4 b6 9. Bg5 {E36: Nimzo-Indian: Classical: 4...d5 5 a3} Ba6 (9... Bb7 10. Rd1 Nbd7 11. Ne5 h6 12. Bh4 c5 13. Nxd7 Qxd7 14. Bxf6 gxf6 15. dxc5 Qc7 16. h4 Rfd8 17. Rxd8+ Rxd8 {½-½ (30) Yu,Y (2763)-Ding,L (2811) Khanty-Mansiysk 2019}) 10. Qa4 c5 (10... h6 $11 11. Bh4 Qd7) 11. Rd1 (11. dxc5 $14 bxc5 12. Rb1) 11... Qd7 $11 12. Qc2 cxd4 13. Bxf6 gxf6 14. Nxd4 Rd8 15. e3 Bxf1 16. Rxf1 ({Avoid the trap} 16. Kxf1 $2 e5 $19) 16... Qb7 $146 ({Predecessor:} 16... Na6) 17. Ke2 Nd7 18. Qc6 Qa6+ 19. Qb5 Qxb5+ 20. Nxb5 a6 21. Nd6 {[#] Hoping for Nb7.} Nc5 22. Rd4 ({White should try} 22. b4 $14 Na4 23. Rd3) 22... Nb3 23. Rg4+ Kf8 24. Rd1 b5 25. Rb4 Na5 26. Rbd4 Ke7 27. R4d3 Nc6 28. f4 Ra7 29. g4 h6 30. b4 Rc7 31. R1d2 Ra7 32. h3 Rc7 33. h4 (33. Kf2 $14) 33... Ra7 (33... h5 $11 {remains equal.}) 34. h5 Rc7 35. Ne4 Rxd3 36. Kxd3 $14 {[%mdl 4096] Endgame KRN-KRN} a5 37. bxa5 Nxa5 38. Rb2 $1 f5 39. gxf5 exf5 40. Nc3 Rd7+ 41. Ke2 Nc4 42. Rxb5 {With the idea Rc5.} Rd2+ 43. Ke1 Rd3 44. Nd1 Kf6 45. a4 Nxe3 46. Rb6+ Kg7 $1 47. Ke2 Rxd1 48. Kxe3 $11 {And now a5 would win. KR-KR} Re1+ $1 49. Kf3 Rf1+ 50. Kg3 Rg1+ 51. Kf2 Ra1 (51... Rh1 {is more complex.} 52. Rb3 Rh2+ 53. Kg3 Ra2 54. Rb4 Kf6) 52. Ra6 Rh1 {The position is equal.} 53. Ra5 Rxh5 54. Kg2 Kg6 55. Ra6+ f6 56. Rb6 Rh4 57. Rb4 Rg4+ 58. Kh2 Rh4+ 59. Kg2 {a5 is the strong threat.} Rg4+ 60. Kh2 Rh4+ {Accuracy: White = 61%, Black = 66%.} 1/2-1/2

[Event "WJCC U20 Open 2019"]
[Site "New Delhi"]
[Date "2019.10.17"]
[Round "3.30"]
[White "Sammed Jaykumar, Shete"]
[Black "Sivathanujan, S."]
[Result "1-0"]
[WhiteElo "2392"]
[BlackElo "1766"]
[Annotator "TA"]
[PlyCount "47"]
[EventDate "2019.10.15"]
[EventType "swiss"]
[EventCountry "IND"]
[SourceTitle "playchess.com"]
[Source "ChessBase"]
[SourceQuality "1"]

{[%evp 13,47,0,22,33,30,0,35,33,56,36,62,47,58,41,77,69,75,57,76,52,66,68,68,67,80,77,494,489,480,475,868,847,974,975,955,960]} 1. e4 e6 2. d4 d5 3. Nd2 c5 4. exd5 Qxd5 5. dxc5 Bxc5 6. Ngf3 Nf6 7. Bc4 Qd8 8. O-O {C07: French Tarrasch: 3...c5, 4 Ngf3 and 4 exd5 Qxd5} (8. Qe2 a6 9. O-O O-O 10. Ne4 Be7 11. Bd3 Nbd7 12. Nxf6+ Bxf6 13. c3 Qc7 14. Re1 Rd8 15. Bc2 Nf8 16. Qe4 Bd7 17. Be3 Bc6 18. Qg4 b5 19. Bf4 Qb7 20. Ne5 Bd5 {½-½ (20) Bruzon Batista,L (2668)-Ramirez Alvarez,A (2579) Merida 2014}) 8... O-O 9. a3 a5 $146 ({Predecessor:} 9... Bd6 10. Qe2 Nbd7 11. b3 Qc7 12. Bb2 b6 13. Bd3 Bb7 14. Ne4 Be7 15. c4 Rad8 {½-½ (44) Bogdanovich,S (2512)-Ovetchkin,R (2487) Olginka 2011}) 10. Qe2 {White is slightly better.} Qc7 11. Nb3 Be7 12. Nbd4 Bd7 13. Re1 Kh8 14. Bg5 Na6 15. Rad1 $36 {[%mdl 2048] White is more active.} Nc5 16. Ne5 Rad8 17. Qf3 Be8 18. b3 Nd5 {White must now prevent ...f6.} 19. Bxe7 Qxe7 $4 {[%mdl 8192] [#]} (19... Nxe7 $16 {is more resistant.} 20. Qg3 Qb6) 20. Bxd5 $1 $18 {White is clearly winning.} Rxd5 {[#]} 21. Qxd5 $1 {[%mdl 512]} f6 (21... exd5 $142 22. Ng6+ {[%mdl 64] Discovered Attack} hxg6 23. Rxe7 Bc6) 22. Nef3 Qc7 23. Nxe6 Nxe6 24. Qxe6 {Accuracy: White = 66%, Black = 38%.} 1-0

[Event "WJCC U20 Open 2019"]
[Site "New Delhi"]
[Date "2019.10.17"]
[Round "3.31"]
[White "Vatsal Singhania"]
[Black "Percivaldi, Martin"]
[Result "0-1"]
[WhiteElo "2157"]
[BlackElo "2391"]
[Annotator "ChessBase"]
[PlyCount "56"]
[EventDate "2019.10.15"]
[EventType "swiss"]
[EventCountry "IND"]
[SourceTitle "playchess.com"]
[Source "ChessBase"]
[SourceQuality "1"]
[TimeControl "40/5400+30:1800+30"]

1. e4 e5 2. Nf3 Nc6 3. Bc4 Bc5 4. O-O Nf6 5. d3 d6 6. c3 a6 7. a4 Ba7 8. Nbd2 O-O 9. Re1 Ng4 10. Re2 Kh8 11. h3 f5 12. exf5 Nxf2 13. Rxf2 Bxf2+ 14. Kxf2 Bxf5 15. Qe2 d5 16. Bb3 Qd6 17. Kg1 Rae8 18. Nh4 Ne7 19. a5 h6 20. Nxf5 Nxf5 21. Nf1 e4 22. d4 Re6 23. Be3 Rg6 24. Bf2 c6 25. c4 Rg5 26. cxd5 cxd5 27. Rc1 Qb4 28. Bxd5 Nxd4 0-1